| 000 | 00911nam a2200253Ia 4500 | ||
|---|---|---|---|
| 003 | GCL | ||
| 008 | 140319s9999 xx 000 0 ara d | ||
| 020 | _a4005004977 | ||
| 040 |
_aGCL / _cGCL |
||
| 082 | 0 | 4 |
_a152 _bع ع |
| 100 | 1 | _aعبدالوهاب محمد كامل | |
| 245 | 1 | 0 |
_aعلم النفس الفسيولوجى : مقدمة فى الاسس السيكوفسيو لوجية والنيورولوجية للسلوك الانسانى / _cعبدالوهاب محمد كامل |
| 250 | _aالثانية | ||
| 260 |
_aالقاهرة : _bعبدالوهاب محمد كامل ، _c1994 |
||
| 300 |
_a369 ص ؛ _c24 سم |
||
| 650 | 0 | 4 | _aعلم النفس |
| 650 | 0 | 4 | _aعلم النفس الفسيولوجى |
| 650 | 0 | 4 | _aالتعلم |
| 650 | 0 | 4 | _aالذاكرة |
| 650 | 0 | 4 | _aالاعصاب |
| 650 | 0 | 4 | _aالفسيولوجيا |
| 650 | 0 | 4 | _aالسلوك الانسانى |
| 942 |
_2ddc _cBK |
||
| 999 |
_c38880 _d38880 |
||